000
00196nam a2200085 4500
001
1244687
005
20251023095240.0
245
_a
YAŞLI KADIN VE PAPAĞAN
_c
VİRGİNİA WOOLF
260
_b
SİA KİTAP
999
_c
1244687
_d
1244687